Normal view MARC view
  • Sybex Inc

Entry Corporate Name

Number of records used in: 1

001 - CONTROL NUMBER

  • control field: 94867

003 - CONTROL NUMBER IDENTIFIER

  • control field: NUST

005 - DATE AND TIME OF LATEST TRANSACTION

  • control field: 20220725114654.0

008 - FIXED-LENGTH DATA ELEMENTS

  • fixed length control field: 220725|| aca||aabn | a|a d

040 ## - CATALOGING SOURCE

  • Original cataloging agency: NUST
  • Transcribing agency: NUST

110 ## - HEADING--CORPORATE NAME

  • Corporate name or jurisdiction name as entry element: Sybex Inc

670 ## - SOURCE DATA FOUND

  • Source citation: Work cat.: (NUST)188259: Chellis, James. 94344, MCSE. MCSNetworking essentials study guide /, c1998.
© 2023 Central Library, National University of Sciences and Technology. All Rights Reserved.